000 00430nab a2200145Ia 4500
003 ES-SlBCS
005 20210601124005.0
008 140529s1997 xxu||||| |||| 00| 0 eng d
041 _aeng
100 1 _aLevine, Joseph
_9133126
245 0 0 _aRecent Work on Consciousness
_c Joseph Levine
650 0 4 _aConciencia
_994463
773 0 _tAmerican Philosophical Quarterly
_gvol. 34, nº. 4, 1997, págs. 379-404
_wRev1386
942 _cAR
999 _c507416
_d507416